Segundo libro de lectura.
Saved in:
| Format: | Unknown |
|---|---|
| Language: | Spanish |
| Published: |
Barcelona
Seix Barral
1930
|
| Textbook Catalogue: | MANES: Library Catalog Search Result |
| Textbook Classification: |
|
| Tags: |
Add Tag
No Tags, Be the first to tag this record!
|
| Added to: | 2016-04-26 |
| Changed in: | 2025-05-07 |
MARC
| LEADER | 000000000a22000000004500 | ||
|---|---|---|---|
| 001 | 06666 | ||
| 003 | OSt | ||
| 005 | 20250507133304.0 | ||
| 008 | 160427s sp ||||| |||| 00| 0 spa d | ||
| 040 | |c centro_manes | ||
| 041 | 1 | |a spa | |
| 561 | |5 es-CICE |a España. Centro Internacional de la Cultura Escolar |k MANES | ||
| 691 | 0 | |a PRI | |
| 245 | 0 | 0 | |a Segundo libro de lectura. |
| 260 | 3 | |a Barcelona |b Seix Barral |c 1930 | |
| 300 | |a 32 p. |c 22,5 x 18 cm | ||
| 690 | 0 | |a EyL | |
| 942 | |2 ddc |c BK | ||
| 546 | |a España | ||
| 999 | |c 12640 |d 12640 | ||
| 999 | |c manes:12640 |d 12640 | ||